Product placement a guerilla marketing - aktuálne formy marketingovej komunikácie na Slovensku

Charakteristika product placementu. Výskyt product placementu vo filmoch, televíznych seriáloch, počítačových hrách ako aj v knihách a hudobnom priemysle. Nedostatky product placementu. Charakteristika a využívanie guerilla marketingu.

Na minha lista:
Detalhes bibliográficos
Autor principal: Loydlová, Miroslava
Formato: Capítulo de Livro
Idioma:eslovaco
Assuntos:
Tags: Adicionar Tag
Sem tags, seja o primeiro a adicionar uma tag!

MARC

LEADER 00000nla$a2200000$$$4500
001 0101697
005 20240502072117.0
041 0 |a slo 
044 |a SK 
245 1 0 |a Product placement a guerilla marketing - aktuálne formy marketingovej komunikácie na Slovensku  |c Miroslava Loydlová 
520 |a Charakteristika product placementu. Výskyt product placementu vo filmoch, televíznych seriáloch, počítačových hrách ako aj v knihách a hudobnom priemysle. Nedostatky product placementu. Charakteristika a využívanie guerilla marketingu. 
610 2 0 |a marketing 
610 2 0 |a guerilla marketing 
610 2 0 |a komunikácia marketingová 
610 2 0 |a nástroje marketingové 
610 2 0 |a propagácia 
610 2 0 |a produkty 
610 2 0 |a zákazníci 
610 2 0 |a film 
610 2 0 |a televízia 
610 2 0 |a mestá 
100 1 |a Loydlová, Miroslava